<?xml version="1.0" encoding="UTF-8"?>
<marc:record xmlns:marc="http://www.loc.gov/MARC21/slim">
   <marc:leader>00000nam a2200000 a 4500</marc:leader>
   <marc:datafield ind1="1" ind2=" " tag="100">
      <marc:subfield code="a">Roth, Gerhard</marc:subfield>
      <marc:subfield code="4">aut</marc:subfield>
      <marc:subfield code="e">Verfasser/-in</marc:subfield>
   </marc:datafield>
   <marc:datafield ind1="0" ind2="0" tag="245">
      <marc:subfield code="a">Der Strom</marc:subfield>
   </marc:datafield>
   <marc:datafield ind1="0" ind2="0" tag="245">
      <marc:subfield code="b">Roman</marc:subfield>
   </marc:datafield>
   <marc:datafield ind1="0" ind2="0" tag="245">
      <marc:subfield code="c">Gerhard Roth</marc:subfield>
   </marc:datafield>
   <marc:datafield ind1=" " ind2="1" tag="264">
      <marc:subfield code="a">Frankfurt am Main</marc:subfield>
      <marc:subfield code="b">S. Fischer</marc:subfield>
      <marc:subfield code="c">2002</marc:subfield>
   </marc:datafield>
   <marc:datafield ind1="1" ind2=" " tag="520">
      <marc:subfield code="a">Thomas Mach, ein junger Österreicher aus Wien, reist nach Ägypten. Er soll an die Stelle Eva Blums treten, einer jungen Reiseleiterin, die sich kurz zuvor aus dem Fenster ihres Hotelzimmers in Kairo gestürzt hat. Geleitet von Evas Tagebuch und seiner inneren Stimme, die ihn vor Gefahren warnt, aber auch immer wieder in Schwierigkeiten bringt, setzt sich Mach auf die Spur der Frau. Als plötzlich der Ehemann der Verstorbenen zusammen mit einem Detektiv auftaucht, scheinen sich die Dinge endgültig zum Kriminalfall zu entwickeln. Wie viele Leben führte Eva wirklich?</marc:subfield>
   </marc:datafield>
   <marc:datafield ind1=" " ind2=" " tag="020">
      <marc:subfield code="a">3100660560</marc:subfield>
      <marc:subfield code="9">3100660560</marc:subfield>
   </marc:datafield>
   <marc:datafield ind1=" " ind2=" " tag="300">
      <marc:subfield code="a">343 S.</marc:subfield>
   </marc:datafield>
</marc:record>
